K problému prekladovosti v česko-slovenskom literárnom kontexte

Bibliographic Details
Main Author: Koli, František, 1947- (Author)
Format: Article
Language:Slovak
PhysicalDescription:Lit. 21 zázn. v češ., nem., slov.
ISSN:0231-6714
Subjects:

MARC

LEADER 00000nab a2200000 a 4500
001 vtls000574699
003 SK-MaSNL
005 20260304180945.0
008 250426c1996 xo 0 slo
015 |a SNBRB19rr/mm-uuuuu 
035 |a CL0574837 
035 |a urn:nbn:sk:snk-abbpkm 
035 |a (urnnbn)urn:nbn:sk:snk:ar-000i8g 
035 |a (uuid)f27ab7a0-bbca-4a62-8f42-f445792cc25e 
040 |a SNKBUCL  |b slo  |c SNKBUCL  |e AACR2 
041 0 |a slo 
044 |a xo  |c SK 
080 |a 82.035:885.4:885.0  |2 1981 
080 |a 885.4.035  |2 1981 
080 |a 885.0.035  |2 1981 
100 1 |a Koli, František,  |d 1947-  |4 aut  |9 105018 
245 1 0 |a K problému prekladovosti v česko-slovenskom literárnom kontexte  |c František Koli 
300 |b Lit. 21 zázn. v češ., nem., slov. 
650 0 7 |a literárny preklad  |2 snkbucl  |9 28595 
650 0 7 |a slovenská literatúra  |2 snkbucl  |9 1115 
650 0 7 |a preklady do češtiny  |2 snkbucl  |9 66131 
650 0 7 |a česká literatúra  |2 snkbucl  |9 1178 
650 0 7 |a preklady do slovenčiny  |2 snkbucl  |9 59836 
655 7 |a články z novín a časopisov  |2 snkbucl  |9 267496 
655 7 |a články z odboru literárna veda a krásna literatúra  |2 snkbucl  |9 770045 
773 0 |t Romboid  |g Roč. 31, č. 1 (1996), s. 50-56  |x 0231-6714 
850 |a Slovenská národná knižnica 
852 |a Slovenská národná knižnica 
958 |a article15 
958 |a NB 
958 |a RK 
958 |a CZ 
958 |a LX 
958 |a SK 
958 |a OND 
958 |a EUIPO 
992 |a RBX 
999 |c 3020913  |d 3022843